01445nam a2200349Ia 4500001001200000003000800012006001900020007001500039008004100054010001700095020001500112020003800127020003800165040002100203035002000224050002300244082001800267100002200285245018000307250001200487260004400499300001500543500006100558504005100619533015200670650003400822650003600856655002900892700002800921700002000949856012600969ebr10058182CaPaEBRm u cr cn|||||||||960814s1996 enk sbd 001 0 eng d z 96042215  z0203437519 z0415151678 (hb : acid-free paper) z0415138221 (pb : acid-free paper) aCaPaEBRcCaPaEBR a(OCoLC)5212330214aGN496b.C37 1996eb04a305.8/0032201 aCashmore, Ernest.10aDictionary of race and ethnic relationsh[electronic resource] /cEllis Cashmore with Michael Banton ... [et al.] and specialist contributions from Heribert Adam ... [et al.]. a4th ed. aLondon ;aNew York :bRoutledge,c1996. axx, 412 p. a"Now in a fully revised paperback edition"-- back cover. aIncludes bibliographical references and index. aElectronic reproduction.bPalo Alto, Calif. :cebrary,d2009.nAvailable via World Wide Web.nAccess may be limited to ebrary affiliated libraries. 0aRace relationsvDictionaries. 0aEthnic relationsvDictionaries. 7aElectronic books.2local1 aBanton, Michael,d1926-1 aAdam, Heribert.40uhttp://site.ebrary.com/lib/rucke/Doc?id=10058182zAn electronic book accessible through the World Wide Web; click to view